| 000 | 01265nam0a2200301 4500 | ||
|---|---|---|---|
| 001 | RU\NLR\bibl\902215 | ||
| 005 | 20260405104727.0 | ||
| 010 |
_a5-7429-0126-7 _910000 |
||
| 021 |
_aRU _b2005-84466 _94180 |
||
| 035 | _a(NLR Aleph) 000890647 | ||
| 090 |
_a1716218 _c1716218 |
||
| 100 | _a20060201d2005 |||y0rusy50 ca | ||
| 101 | 0 | _arus | |
| 102 | _aRU | ||
| 105 | _aa ||||||||| | ||
| 200 | 1 |
_aОтец Арсений _e[сборник] _fпод ред. протоиер. Владимира Воробьева |
|
| 205 | _aИзд. 5-е | ||
| 210 |
_aМосква _cИзд-во Православного Свято-Тихоновского гуманитарного университета _d2005 |
||
| 215 |
_a742 с., [16] л. ил. _d21 |
||
| 600 | 0 |
_aАрсений _cСтрельцов, Петр Андреевич _cиеромонах _f1894 - 1975 _92165553 _3RU\NLR\auth\661303021 |
|
| 686 | _aЭ372.24-37-028 | ||
| 702 | 1 |
_4340 _7ca _8rus _aВоробьев _bВ. Н. _cмладший _cсвященнослужитель _f1941- _gВладимир Николаевич _923094 _3RU\NLR\auth\7740142 |
|
| 801 | 0 |
_aRU _bNLR _c20060201 _grcr |
|
| 801 | 1 |
_aRU _bNLR _c20060201 |
|
| 942 | _cBOOK | ||
| 980 | _aNB | ||